Bases de la investigación cualitativa: Técnicas y procedimientos para desarrollar la teoría fundamentada
Na minha lista:
| Main Authors: | , |
|---|---|
| Formato: | Livro |
| Idioma: | espanhol |
| Publicado em: |
Medellín
Universidad de Antioquía
2002
|
| Edição: | 1a. ed |
| Assuntos: | |
| Tags: |
Adicionar Tag
Sem tags, seja o primeiro a adicionar uma tag!
|
MARC
| LEADER | 00000nam a2200000 a 4500 | ||
|---|---|---|---|
| 001 | UCG1963 | ||
| 003 | CL-VaPUC | ||
| 008 | 100531e20021200CK |||||||||||||||||spa|d | ||
| 020 | |a 9586556247 | ||
| 082 | 0 | 4 | |a 300.72 |b STR |2 21 |
| 100 | 0 | |a Strauss, Anselm L |e author |9 550107 | |
| 700 | 0 | |a Corbin, Juliet |e author |9 550108 | |
| 245 | 1 | 0 | |a Bases de la investigación cualitativa: Técnicas y procedimientos para desarrollar la teoría fundamentada |
| 250 | |a 1a. ed | ||
| 300 | |a 341 p | ||
| 942 | |c BK | ||
| 945 | |d 20100531 00:00:00 |a dcastane | ||
| 260 | |a Medellín |b Universidad de Antioquía |c 2002 | ||
| 650 | 0 | |a Métodos estadísticos |9 259407 | |
| 650 | 0 | |a Ciencias sociales |v Investigación |9 307767 | |
| 583 | |a last modification |c 20100531 00:00:00 |k Rodrigo Vera | ||
| 999 | |c 341210 |d 341208 | ||
| 952 | |0 0 |1 0 |4 0 |6 300_720000000000000_STR_2002 |7 0 |8 A |9 436553 |a BIBEDU |b BIBEDU |d 2019-11-22 |i 468057K |o 300.72 STR 2002 |p 468057K |r 2019-11-22 |w 2019-11-22 |y BK |k PSI | ||
| 952 | |0 0 |1 0 |4 0 |6 300_720000000000000_STR_2002 |7 0 |8 R |9 436554 |a BIBGIM |b BIBGIM |d 2019-11-22 |i 4745221 |o 300.72 STR 2002 |p 4745221 |r 2025-01-15 |w 2019-11-22 |y BK_R |k SSL | ||
| 952 | |0 0 |1 0 |4 0 |6 300_720000000000000_STR_2002 |7 0 |8 R |9 436555 |a BIBGIM |b BIBGIM |d 2019-11-22 |i 474523K |o 300.72 STR 2002 |p 474523K |r 2025-01-15 |w 2019-11-22 |y BK_R |k SSL | ||